RB Leipzig 2025/2026 Kader - Statistiken

Allgemein
  • Dieses Quiz wurde 24 mal gespielt
  • Das Durchschnittsergebnis liegt bei 15 aus 26
Antwortstatistiken
Position Land Trikotnummer Alter Spieler % Korrekt
Tw Ungarn 1 35 Gulácsi Péter
95%
Ver Ungarn 4 33 Orbán Willi
82%
Ver Deutschland 22 27 Raum David
82%
Tw Belgien 26 24 Vandevoordt Maarten
77%
Att Elfenbeinküste 49 19 Diomande Yan
73%
Ver Frankreich 23 23 Lukeba Castello
68%
Att Norwegen 7 20 Nusa Antonio
68%
Mit Österreich 24 28 Schlager Xaver
68%
Mit Österreich 13 24 Seiwald Nicolas
68%
Mit Österreich 14 26 Baumgartner Christoph
64%
Ver Deutschland 16 29 Klostermann Lukas
64%
Att Dänemark 11 21 Harder Conrad
59%
Att Brasilien 40 24 Romulo
59%
Trainer Deutschlad -------------------- 37 Werner Ole
59%
Att Belgien 9 22 Bakayoko Johan
55%
Ver Deutschland 39 29 Henrichs Benjamin
55%
Mit Deutschland 17 28 Baku Ridle
50%
Ver Deutschland 35 22 Finkgräfe Max
50%
Mit Deutschland 20 19 Ouédraogo Assan
50%
Att Niederlande 6 21 Banzuzi Ezechiel
45%
Att Deutschland 10 21 Gruda Brajan
45%
Ver Serbien 19 20 Nedeljković Kosta
45%
Ver Frankreich 5 20 Bitshiabu El Chadaille
36%
Att Frankreich 27 19 Gomis Tidiam
32%
Mit Serbien 33 18 Maksimović Andrija
18%
Att Frankreich 45 17 Konate Samba
9%
Keine übereinstimmenden Quizze gefunden
Verteilung der Resultate
Anzahl Personen mit jedem Resultat
Perzentil nach korrekt beantworteten Fragen
Ihre Resultats-Entwicklung
Sie haben dieses Quiz noch nicht gespielt